[Event "Pavlodar op"]
[Site "Pavlodar"]
[Date "2014.12.02"]
[Round "3"]
[White "Kalikov, Temirlan"]
[Black "Bauyrzhan, Arnash"]
[Result "1-0"]
[WhiteElo "1968"]
[BlackElo "1908"]
[PlyCount "69"]
[EventDate "2014.12.01"]
[EventType "swiss"]
[EventRounds "9"]
[EventCountry "KAZ"]
[SourceTitle "EXT 2016"]
[Source "ChessBase"]
[SourceDate "2015.10.08"]
[SourceVersion "1"]
[SourceVersionDate "2015.10.08"]
[SourceQuality "1"]

1. e4 c5 2. Nc3 Nc6 3. Nge2 Nd4 4. d3 e5 5. Nd5 Ne7 6. Nec3 d6 7. Be2 Nxd5 8. Nxd5 Be7 9. c3 Ne6 10. 0-0 Nc7 11. Nxe7 Qxe7 12. f4 Bd7 13. Be3 exf4 14. Bxf4 0-0 15. d4 Ne6 16. Bg3 cxd4 17. cxd4 Ng5 18. e5 d5 19. Qb3 Qe6 20. Bd3 Qg4 21. Rf4 Qe6 22. Raf1 Qc6 23. Qd1 h6 24. Qh5 Be8 25. Rf6 Qa4 26. Bf2 Bb5 27. b3 Qb4 28. Bxb5 Qxb5 29. Be3 Qd3 30. Bxg5 gxf6 31. Bxf6 Qxd4+ 32. Kh1 Qd3 33. Qg4+ Qg6 34. Qd1 Kh7 35. Qxd5 1-0

[Event "Pavlodar op"]
[Site "Pavlodar"]
[Date "2013.12.16"]
[Round "7"]
[White "Kaldygarin, Bakytgerey"]
[Black "Kalikov, Temirlan"]
[Result "1-0"]
[WhiteElo "2103"]
[BlackElo "1916"]
[PlyCount "84"]
[EventDate "2013.12.10"]
[EventType "swiss"]
[EventRounds "10"]
[EventCountry "KAZ"]
[SourceTitle "CBM 158 Extra"]
[Source "ChessBase"]
[SourceDate "2014.02.28"]
[SourceVersion "1"]
[SourceVersionDate "2014.02.28"]
[SourceQuality "1"]

1. e4 e6 2. d4 d5 3. e5 c5 4. c3 Nc6 5. Nf3 Qb6 6. a3 c4 7. Nbd2 Na5 8. g3 Bd7 9. Bg2 Ne7 10. 0-0 Nc8 11. Ng5 h6 12. Nh3 Qc7 13. Nf4 Nb6 14. Qh5 Be7 15. Bh3 Qc6 16. Rb1 g6 17. Nxg6 fxg6 18. Qxg6+ Kd8 19. Qg7 Re8 20. Nf3 Bf8 21. Qg4 Kc7 22. Nh4 Nb3 23. Be3 Re7 24. Ng6 Rh7 25. Kh1 Re8 26. Nxf8 Rxf8 27. Qg6 Rfh8 28. f4 Nc8 29. g4 h5 30. g5 Ne7 31. Qc2 Nf5 32. Bf2 Be8 33. Bxf5 exf5 34. Qxf5 Bg6 35. Qh3 Be4+ 36. Kg1 Nd2 37. Be3 Nxb1 38. f5 Rf8 39. f6 Bg6 40. e6 b6 41. e7 Re8 42. Re1 Qd7 1-0

[Event "Pavlodar op"]
[Site "Pavlodar"]
[Date "2013.12.15"]
[Round "6"]
[White "Kalikov, Temirlan"]
[Black "Tsepennikova, Tatyana"]
[Result "1-0"]
[WhiteElo "1916"]
[BlackElo "2102"]
[PlyCount "71"]
[EventDate "2013.12.10"]
[EventType "swiss"]
[EventRounds "10"]
[EventCountry "KAZ"]
[SourceTitle "CBM 158 Extra"]
[Source "ChessBase"]
[SourceDate "2014.02.28"]
[SourceVersion "1"]
[SourceVersionDate "2014.02.28"]
[SourceQuality "1"]

1. e4 c6 2. d4 d5 3. e5 Bf5 4. Nd2 e6 5. Nb3 c5 6. dxc5 Bxc5 7. Nxc5 Qa5+ 8. c3 Qxc5 9. Nf3 Ne7 10. Bd3 Bg4 11. Qa4+ Nbc6 12. Qxg4 Ng6 13. Bxg6 hxg6 14. 0-0 Rh5 15. Qa4 a6 16. Be3 Qe7 17. c4 dxc4 18. Qxc4 Nxe5 19. Nxe5 Rxe5 20. Rac1 Rb5 21. b3 Rd8 22. Rfd1 Rbd5 23. Rxd5 Rxd5 24. g3 Qa3 25. Qa4+ Qxa4 26. bxa4 Ra5 27. Rc4 Rd5 28. Rc7 Rd1+ 29. Kg2 Ra1 30. a5 Rxa2 31. Bb6 e5 32. Kf3 Kf8 33. Rxb7 f5 34. h4 Ra3+ 35. Kg2 Ra2 36. Ra7 1-0

[Event "World School-ch U15 9th"]
[Site "Porto Carras"]
[Date "2013.05.10"]
[Round "5"]
[White "Saiyn, Zhanat"]
[Black "Kalikov, Temirlan"]
[Result "1-0"]
[WhiteElo "2340"]
[BlackElo "1934"]
[PlyCount "47"]
[EventDate "2013.05.07"]
[EventType "swiss"]
[EventRounds "9"]
[EventCountry "GRE"]
[SourceTitle "CBM 154 Extra"]
[Source "ChessBase"]
[SourceDate "2013.06.25"]
[SourceVersion "2"]
[SourceVersionDate "2013.06.25"]
[SourceQuality "1"]

1. d4 d5 2. c4 dxc4 3. e3 Nc6 4. Bxc4 e5 5. Nf3 Bg4 6. h3 Bxf3 7. Qxf3 Qf6 8. Qe4 Qg6 9. Qxg6 hxg6 10. dxe5 Nxe5 11. Bb3 f5 12. Ke2 Nf6 13. Nd2 Bc5 14. Nf3 Nxf3 15. gxf3 c6 16. Bd2 Rh4 17. Rag1 Nd5 18. Rxg6 Kf7 19. Rhg1 Rg8 20. Bc3 Bf8 21. R6g5 g6 22. e4 fxe4 23. Rxd5 exf3+ 24. Kxf3 1-0